000 00453nam a22001697a 4500
005 20251108172250.0
008 250721s1998 xx 000 0 ara d
082 1 4 _a613.2/عبد
100 1 _aالكزبري، عبد الملك
245 1 0 _aغذاء المرضى /
264 1 _aدمشق :
_bدار الكتبي للنشر،
_c1998.
300 _a421ص
650 1 7 _aالصحة
650 1 7 _aالتغذية
942 _2ddc
_cBK
999 _c74602
_d74602